01008nam a2200193 a 450000100100000000500170001000800410002704000250006810000380009324500540013126000740018530000200025904900090027995201170028895201170040595201640052295201110068699900170079700002692620200930030508.0110328s1958 dr 000 0 spa d aDO-SdBNPbspacBNPHU1 aHolguín Bonó, Fermín95402710aCanto a la bandera. /cFermín Holguín Bonó. aCiudad Trujillo, República Dominicana,fImpresora Dominicanac1958. a55 p. ;c23 cm. aBNPD 001054708RVaGRbGRcCTd2011-03-28iLF1l0o p26926-30r2020-06-25te. 3w2020-06-25y4ZPréstamo en sala 001054708RVaGRbGRcCTd2011-11-21iLF1l0o p26926-40r2020-06-25te. 4w2020-06-25y4ZPréstamo en sala 001050718RVaPDbPDcHDd2011-03-28iLF1l0o p26926-10r2020-06-25w2020-06-25y1zPerteneció a la biblioteca personal de Martínez Boog.ZNo se presta 001050718RVaPDbPDcCTd2011-03-28iLF1l0o p26926-20r2020-06-25te. 2w2020-06-25y1ZNo se presta c26418d26418